000 00291nam a22001337a 4500
008 170322b xxu||||| |||| 00| 0 eng d
020 _a0443089353
041 _aeng
080 _24TH
_a616.9
100 _a7
101 _aSHM
245 _aINFECTOUS DISEASES
_cMANDELL, G.L
942 _2udc
_cBK
999 _c8410
_d8410